Một cái chết rất dịu dàng

Zapisane w:
Opis bibliograficzny
1. autor: Beauvoir, Simone de
Format: Książka
Język:Undetermined
Wydane: Thành phố Hồ Chí Minh Văn hóa Sài Gòn 2009
Hasła przedmiotowe:
Etykiety: Dodaj etykietę
Nie ma etykietki, Dołącz pierwszą etykiete!
Thư viện lưu trữ: Trung tâm Học liệu Trường Đại học Cần Thơ
LEADER 00663nam a2200217Ia 4500
001 CTU_176143
008 210402s9999 xx 000 0 und d
020 |c 22500 
082 |a 843.912 
082 |b B386 
100 |a Beauvoir, Simone de 
245 0 |a Một cái chết rất dịu dàng 
245 0 |c Simone de Beauvoir ; Vũ Đình Lưu dịch 
260 |a Thành phố Hồ Chí Minh 
260 |b Văn hóa Sài Gòn 
260 |c 2009 
650 |a French fiction,Tiểu thuyết Pháp 
650 |x Thế kỷ 20 
650 |y 20th century 
904 |i Hải 
980 |a Trung tâm Học liệu Trường Đại học Cần Thơ